| 000 | 01934nam a2200553 i 4500 | ||
|---|---|---|---|
| 001 | 22600 | ||
| 003 | KOSZ 005 | ||
| 005 | 20210517122524.0 | ||
| 008 | 990506s1983 pl a f |000 0 pol | ||
| 015 | _aUWD 1983/8893 | ||
| 020 | _a8308011403 | ||
| 035 | _a991009360189705066 | ||
| 035 | _a(PL-WaBN)b12536064-48omnis_nlop | ||
| 035 | _ab12536064 | ||
| 035 | _a(OCoLC)69313959 | ||
| 035 | _azz2005803754 | ||
| 035 | _a(PL)b0000001253606 | ||
| 035 | _a(EXLNZ-48OMNIS_NETWORK)9910014736005606 | ||
| 040 |
_aWA N _cWA N _dKOSZ 005/HR |
||
| 041 | 1 |
_apol _hger |
|
| 080 | _a161/162 | ||
| 100 | 1 |
_aSchopenhauer, Arthur _d(1788-1860) _eAutor |
|
| 245 | 1 | 0 |
_aErystyka czyli Sztuka prowadzenia sporów / _cArthur Schopenhauer ; przeł. z niem. Bolesław i Lucja Konorscy ; przedm. Tadeusza Kotarbińskiego. |
| 246 | 1 |
_iTyt. oryg.: _aEristische Dialektik |
|
| 250 | _a[Wyd. 3]. | ||
| 260 |
_aKraków : _bWydaw. Literackie, _c1983. |
||
| 300 |
_a99, [1] s. : _bil. ; _c17 cm. |
||
| 336 |
_aTekst _btxt _2rdacontent |
||
| 337 |
_aBez urządzenia pośredniczącego _bn _2rdamedia |
||
| 338 |
_aWolumin _bnc _2rdacarrier |
||
| 380 | _aKsiążki | ||
| 380 | _aPublikacje naukowe | ||
| 388 | _a1901-2000 | ||
| 388 | _a1945-1989 | ||
| 500 | _aTyt. oryg.: Die eristische Dialektik. | ||
| 600 | 1 | 7 |
_aSchopenhauer, Arthur _d(1788-1860) _2DBN |
| 650 | 7 |
_aDyskusja _2DBN |
|
| 650 | 7 | _aErystyka | |
| 650 | 7 | _aFilozofia | |
| 650 | 7 |
_aLogika _2DBN |
|
| 658 | _aFilozofia i etyka | ||
| 700 | 1 |
_aKonorska, Łucja _eTłumaczenie |
|
| 700 | 1 |
_aKonorski, Bolesław _eTłumaczenie _d(1892-1986) |
|
| 700 | 1 |
_aKotarbiński, Tadeusz _d(1886-1981) _ePrzedmowa |
|
| 710 | 2 |
_aWydawnictwo Literackie _4pbl |
|
| 856 |
_uhttp://koha.tu.koszalin.pl/cgi-bin/koha/opac-detail.pl?biblionumber=22600 _zKatalog online BPK |
||
| 942 |
_2UKD _cKS |
||
| 999 |
_c22600 _d22600 |
||